00855 2200289 4500001002100000005001500021035002000036007000300056008004100059100003600100245008400136250001000220300003000230020002200260082001200282084001800294260003400312600003300346700002600379650001800405504002400423990002500447990002500472990002500497990002500522990001800547INLIS00000000000236020260602020045 a0010-0220000211ta260602 0 0 aEndah Dwi.A.K dan Budi Indriani1 aEksplorasi Bunga Pita /cEndah Dwi.A.K dan Budi Indriani, Editor: BerliyandyT.R aCet.1 a86 hlm. :bilus. ;c21 Cm a978-602-1656-31-0 a746.412 a746.412 END e aSurabaya :bTiara Aksa,c2014 4aMenggambar dan Seni Dekorasi0 aEditor: BerliyandyT.R 4aSeni Dekorasi aBibliografi, hlm 87 a30.961/APBD/DPK/2019 a30.962/APBD/DPK/2019 a30.963/APBD/DPK/2019 a30.964/APBD/DPK/2019 a23.168/B/2016